000
00325 a2200157 4500
001
68101
020
_a
9783195017787
040
_c
Anchieta - Pituba
100
_a
Alberti, Josef
240
1
0
_a
Dabei! A1.1
_l
deu / ger
245
1
0
_a
Dabei! A1.1
300
_a
87
362
0
_a
2020
650
4
_a
Língua alemã
942
_c
BK
999
_c
68101
_d
68101